00209nam a2200073Ia 4500008004100000082001500041100001700056245006200073240331s9999 xx 000 0 und d a303.6bSCI aNandy, A. ed 0aScience, hegemony and violence :ba requiem for modernity